[Event "N4 Colomiers-Montauban"]
[Site "Colomiers"]
[Date "2006.10.15"]
[Round "1.4"]
[White "Hoareau, Nicolas"]
[Black "Durbize, Patrick"]
[Result "0-1"]
[WhiteElo "1880"]
[BlackElo "1920"]
[EventDate "2006.??.??"]
[PlyCount "70"]

1.d4 d5 2.Nf3 Nf6 3.e3 Bg4 4.h3 Bh5 5.g4 Bg6 6.Ne5 e6 7.h4 h6 8.Nxg6 fxg6 
9.Bd3 Qd6 10.Bxg6+ Kd7 11.Nc3 Nc6 12.Bd2 a6 13.f4 Ne7 14.Bd3 Re8 15.Qf3 
Kc8 16.Na4 Nc6 17.Nc5 Nd7 18.b4 Nxc5 19.bxc5 Qd8 20.Bg6 Re7 21.Bc3 Na7 22.
a4 Nc6 23.Qe2 Nb8 24.Bb4 Nc6 25.c3 Nxb4 26.cxb4 c6 27.O-O-O Rc7 28.g5 Kb8 
29.b5 cxb5 30.axb5 Bxc5 31.dxc5 Rxc5+ 32.Bc2 Qa5 33.bxa6 Qa1+ 34.Kd2 Qc3+ 
35.Kc1 Ra5 0-1

[Event "N4 Colomiers-Montauban"]
[Site "Colomiers"]
[Date "2006.10.15"]
[Round "1.3"]
[White "Moiseyev, Vlas"]
[Black "Canivet, Christophe"]
[Result "1-0"]
[WhiteElo "1880"]
[BlackElo "1865"]
[EventDate "2006.??.??"]
[PlyCount "105"]

1.e4 d5 2.exd5 Nf6 3.c4 c6 4.Be2 cxd5 5.cxd5 Nxd5 6.d4 Nc6 7.Nc3 e5 8.dxe5
Bb4 9.Bd2 Be6 10.Nf3 Qa5 11.Nb5 Bxd2+ 12.Nxd2 O-O 13.O-O Nf4 14.g3 Nxe2+ 
15.Qxe2 a6 16.Nd6 Qxe5 17.Qxe5 Nxe5 18.Nxb7 Rab8 19.Nc5 Rxb2 20.Nxe6 fxe6 
21.Ne4 Re2 22.Nc5 Nf3+ 23.Kg2 Nd2 24.Rae1 Rxe1 25.Rxe1 Rc8 26.Nxa6 Rc6 27.
Nb4 Rb6 28.Nd3 Nc4 29.a4 Rd6 30.Rd1 Kf8 31.Nb2 Rxd1 32.Nxd1 Ke7 33.f4 Kd6 
34.Kf3 Kc5 35.Ke4 Nd2+ 36.Ke5 Nf1 37.Kxe6 Nxh2 38.Kf7 g5 39.fxg5 Nf3 40.g6
hxg6 41.Kxg6 Kb4 42.Nb2 Kb3 43.a5 Ne5+ 44.Kf5 Nc6 45.a6 Kb4 46.g4 Kb5 47.
a7 Nxa7 48.g5 Nc6 49.Kf6 Kc5 50.g6 Kd6 51.Nc4+ Kd7 52.Ne5+ Nxe5 53.g7 1-0

[Event "N4 Colomiers-Montauban"]
[Site "Colomiers"]
[Date "2006.10.15"]
[Round "1.2"]
[White "Forestie, Pierre"]
[Black "Genestous, Patrick"]
[Result "0-1"]
[WhiteElo "2020"]
[BlackElo "2190"]
[EventDate "2006.??.??"]
[PlyCount "160"]

1.e4 c5 2.Nf3 Qa5 3.Nc3 g6 4.Bc4 Bg7 5.Ng5 Nh6 6.O-O Nc6 7.f4 f6 8.Nf3 e6 
9.d3 a6 10.Bd2 Qc7 11.a4 f5 12.Qe1 O-O 13.Qh4 Nd4 14.Rac1 Ng4 15.h3 Nf6 
16.e5 Nxf3+ 17.Rxf3 Ne8 18.Re1 d5 19.Bxd5 exd5 20.Nxd5 Qb8 21.Nb6 Be6 22.
Qe7 Nc7 23.Nxa8 Rf7 24.Qxc5 Qxa8 25.c4 Bf8 26.Qb6 Qc8 27.Kh1 Na8 28.Qf2 
Rd7 29.b3 Bc5 30.Be3 Bb4 31.Rd1 b5 32.axb5 axb5 33.Qc2 Nc7 34.cxb5 Qb7 35.
b6 Nb5 36.Rc1 Bc3 37.Bc5 Ba5 38.b4 Bxb6 39.Qa4 Bd8 40.d4 Bd5 41.Rf2 Bh4 
42.Rfc2 Bg3 43.Rf1 Rd8 44.Qa5 Rc8 45.Qa1 Ra8 46.Qc1 h5 47.Qe3 Ra3 48.Qd2 
Kf7 49.Rfc1 Bh4 50.Kh2 Rg3 51.Rg1 Qa8 52.Qe2 Nc3 53.Qd2 Ne4 54.Qc1 Bb3 55.
Rd1 Bxc2 56.Qxc2 Rc3 57.Qe2 Bg3+ 58.Kg1 Qd5 59.Qa6 Bxf4 60.Qa7+ Kg8 61.
Qb8+ Kh7 62.Qc7+ Kh8 63.Ra1 Nxc5 64.dxc5 Qd4+ 65.Kh1 Rxh3+ 66.gxh3 Qxa1+ 
67.Kg2 Bxe5 68.Qd8+ Kh7 69.Qd7+ Kh6 70.Qd2+ f4 71.b5 Qd4 72.Qc2 Qd5+ 73.
Kf1 Qh1+ 74.Ke2 Qg2+ 75.Kd3 Qd5+ 76.Ke2 f3+ 77.Kf1 Qd4 78.c6 Bc7 79.Qc1+ 
g5 80.Qc2 Bb6 0-1

[Event "N4 Colomiers-Montauban"]
[Site "Colomiers"]
[Date "2006.10.15"]
[Round "1.1"]
[White "Lejarre, Ludovic"]
[Black "Gregory, Daniel"]
[Result "1-0"]
[WhiteElo "2328"]
[BlackElo "2078"]
[EventDate "2006.??.??"]
[PlyCount "65"]

1.e4 c5 2.Nc3 e6 3.Nf3 a6 4.d4 cxd4 5.Nxd4 d6 6.Be2 Nf6 7.O-O Be7 8.f4 Qc7
9.Kh1 Nc6 10.Be3 Bd7 11.Nb3 O-O 12.a4 b6 13.Bf3 Rab8 14.g4 Bc8 15.g5 Nd7 
16.Bg2 Bb7 17.Qh5 Nb4 18.Rac1 Rfe8 19.Bg1 Ba8 20.Nd1 Bc6 21.Nd4 Bxa4 22.f5
e5 23.g6 hxg6 24.fxg6 fxg6 25.Qxg6 Bf6 26.Nf5 Nf8 27.Qg3 Nh7 28.Qa3 Bb5 
29.Qxb4 Bxf1 30.Bxf1 d5 31.exd5 Qd7 32.Nfe3 b5 33.Qg4 1-0

[Event "N4 Ramonville-CATE"]
[Site "?"]
[Date "2006.11.??"]
[Round "2"]
[White "Viaud, Thierry"]
[Black "Iwanesko, Alexandre"]
[Result "0-1"]
[WhiteElo "1640"]
[BlackElo "1866"]
[EventDate "2006.11.26"]
[PlyCount "54"]

1.d4 Nf6 2.Nf3 g6 3.Nc3 Bg7 4.e4 d6 5.Be3 c6 6.Qd2 h6 7.h3 b5 8.e5 b4 9.
exf6 bxc3 10.Qxc3 Bxf6 11.O-O-O Nd7 12.Qd2 Rb8 13.Bc4 a5 14.Bxh6 Qb6 15.b3
d5 16.Be2 a4 17.Bf4 Ra8 18.Qc3 c5 19.Rhe1 O-O 20.h4 cxd4 21.Bc7 dxc3 22.
Bxb6 Nxb6 23.Nd4 e5 24.Nf3 axb3 25.cxb3 Rxa2 26.Bd3 Ra1+ 27.Bb1 Bf5 0-1

[Event "N4 Ramonville-CATE"]
[Site "?"]
[Date "2006.11.??"]
[Round "2"]
[White "Bouyt, Bernard"]
[Black "Galby, Vassily"]
[Result "0-1"]
[WhiteElo "1720"]
[BlackElo "1947"]
[EventDate "2006.11.26"]
[PlyCount "120"]

1.e4 c5 2.Nc3 Nc6 3.g3 g6 4.Bg2 Bg7 5.d3 d6 6.Nf3 e5 7.O-O Nge7 8.Re1 O-O 
9.Bd2 f6 10.Qc1 Be6 11.a3 d5 12.exd5 Nxd5 13.Ne4 b6 14.h3 Rc8 15.Kh2 Qd7 
16.Ng1 Nd4 17.Qd1 Rfd8 18.c3 Nf5 19.f3 Nde7 20.Nf2 a5 21.Qe2 Bf7 22.Rad1 
Bb3 23.Rc1 Nc6 24.f4 c4 25.Bxc6 Rxc6 26.fxe5 fxe5 27.Bg5 cxd3 28.Qd2 Re8 
29.Qxd3 Qxd3 30.Nxd3 e4 31.Nf2 e3 32.Ng4 Rce6 33.Kg2 h6 34.Bf4 g5 35.Bc7 
h5 36.Nf2 exf2 37.Kxf2 Rxe1 38.Rxe1 Rxe1 39.Kxe1 Ne3 40.Bxb6 Nc4 41.Bd8 g4
42.hxg4 hxg4 43.Ne2 a4 44.Nd4 Nxb2 45.Be7 Kf7 46.Bd6 Bxd4 47.cxd4 Ke6 48.
Bf8 Kd5 49.Kd2 Ke4 50.Bc5 Nc4+ 51.Ke2 Ne3 52.Kd2 Nf5 53.Ke1 Nxd4 54.Kf2 
Bc4 55.Bb4 Nc2 56.Bc5 Bd3 57.Bd6 Kd5 58.Bf8 Kc4 59.Be7 Kb3 60.Bf8 Nxa3 0-1

[Event "R1 - Castres / Castel"]
[Site "Castres"]
[Date "2006.11.03"]
[Round "1"]
[White "Stas, Jean"]
[Black "Prieur, Axel"]
[Result "0-1"]
[WhiteElo "1540"]
[BlackElo "1610"]
[EventDate "2006.??.??"]
[PlyCount "62"]
[WhiteTeam "Castres"]
[BlackTeam "Castel Moissac"]

1.d4 Nf6 2.Bg5 e6 3.e4 Be7 4.Bxf6 Bxf6 5.e5 Be7 6.Nf3 d5 7.Bd3 b6 8.O-O 
O-O 9.Nbd2 Ba6 10.c4 Nc6 11.Qc2 h6 12.cxd5 Nb4 13.Bh7+ Kh8 14.Qb1 Bxf1 15.
Nxf1 Nxd5 16.Be4 Rc8 17.Bxd5 exd5 18.b4 c5 19.bxc5 bxc5 20.dxc5 Bxc5 21.
N1d2 Qd7 22.h3 a5 23.a4 Bb4 24.Nb3 Rc7 25.Nfd4 Rfc8 26.Nb5 Rc4 27.f3 d4 
28.Qd3 Qd5 29.Ra2 Rc1+ 30.Kf2 Qxe5 31.Nxc1 Qe1# 0-1

[Event "R1 - Muret / CD Muret"]
[Site "CD Muret"]
[Date "2006.11.25"]
[Round "2"]
[White "Bielec, Christian"]
[Black "Le Digabel, Patrick"]
[Result "1-0"]
[WhiteElo "1570"]
[BlackElo "1670"]
[EventDate "2006.??.??"]
[PlyCount "107"]
[WhiteTeam "LE. de Muret"]
[BlackTeam "Gambit Muret"]

1.e4 e6 2.d4 d5 3.e5 c5 4.c3 Nc6 5.Nf3 Qb6 6.a4 cxd4 7.cxd4 Bd7 8.Bb5 Nge7
9.Na3 Nf5 10.Nc2 a6 11.Bxc6 Bxc6 12.O-O Be7 13.Ne3 Nxe3 14.fxe3 Qd8 15.b3 
a5 16.Ba3 O-O 17.Bxe7 Qxe7 18.Rc1 h6 19.Rf2 f6 20.Nh4 Be8 21.Qg4 f5 22.Qg3
Kh7 23.Rfc2 b6 24.Rc7 Qg5 25.Qxg5 hxg5 26.Nf3 Kh6 27.Rb7 Bf7 28.Rcc7 Kg6 
29.Rxb6 Rab8 30.Rbb7 Rxb7 31.Rxb7 Ra8 32.Kf2 Be8 33.Re7 g4 34.Rxe6+ Kh5 
35.Nd2 g6 36.Rd6 Bf7 37.Rc6 Bg8 38.g3 Kg5 39.Rc5 Be6 40.Nb1 Rb8 41.Rb5 
Rxb5 42.axb5 Kh6 43.Ke2 Kg7 44.Kd3 Bd7 45.Nc3 Kf7 46.Kc2 Ke8 47.Kb2 Kd8 
48.Ka3 Be6 49.Ka4 Kc7 50.Kxa5 Kb7 51.b6 Bc8 52.b4 Be6 53.Na4 Kc6 54.b5+ 
1-0

[Event "R1 - Muret / CD Muret"]
[Site "CD Muret"]
[Date "2006.11.25"]
[Round "2"]
[White "Camilleri, Hervé"]
[Black "Monteils, Fernand"]
[Result "1-0"]
[WhiteElo "1890"]
[BlackElo "1760"]
[EventDate "2006.??.??"]
[PlyCount "85"]
[WhiteTeam "Gambit Muret"]
[BlackTeam "L.E. de Muret"]

1.c4 c5 2.Nc3 Nc6 3.g3 g6 4.Bg2 Bg7 5.e3 Nf6 6.Nge2 O-O 7.O-O d6 8.b3 a6 
9.Bb2 Qc7 10.d4 cxd4 11.Nxd4 Nxd4 12.Qxd4 Bd7 13.Nd5 Qd8 14.Qd2 Nxd5 15.
Bxg7 Kxg7 16.Bxd5 Bc6 17.Rfd1 Bxd5 18.Qd4+ f6 19.Qxd5 Qc7 20.Rac1 Rac8 21.
Qe6 Rfe8 22.e4 b6 23.Kg2 Rcd8 24.b4 Qc8 25.Qd5 Qa8 26.Rd2 Qxd5 27.cxd5 Rd7
28.Rdc2 Rb8 29.a4 Kf7 30.Rc7 Rb7 31.Rc8 a5 32.b5 h5 33.Kf3 e5 34.h4 Kg7 
35.R1c6 Kf7 36.Rh8 Kg7 37.Rhc8 Kf7 38.Ke3 Kg7 39.Kd3 Kf7 40.Rh8 Kg7 41.Re8
Kf7 42.Re6 Rdc7 43.Rexd6 1-0

[Event "R1 - Muret / CD Muret"]
[Site "CD Muret"]
[Date "2006.11.25"]
[Round "2"]
[White "Ardolade, Jean-Michel"]
[Black "Rahal, Sami"]
[Result "0-1"]
[WhiteElo "1550"]
[BlackElo "1800"]
[EventDate "2006.??.??"]
[PlyCount "64"]
[WhiteTeam "L.E. de Muret"]
[BlackTeam "Gambit Muret"]

1.c4 b6 2.Nc3 Bb7 3.d3 e6 4.e4 Nc6 5.Nge2 Nf6 6.g3 Be7 7.Bg2 O-O 8.O-O Ne5
9.h3 c5 10.Be3 a6 11.Qd2 d6 12.f4 Ng6 13.f5 Ne5 14.Nf4 exf5 15.Nfd5 fxe4 
16.dxe4 Nxc4 17.Qc1 Nxe3 18.Qxe3 b5 19.e5 dxe5 20.Nxf6+ Bxf6 21.Bxb7 e4 
22.Bxa8 Bd4 23.Rad1 Bxe3+ 24.Kh2 Qxa8 25.Rfe1 Bd4 26.Nxe4 Re8 27.Nd6 Rxe1 
28.Rxe1 Kf8 29.Rf1 f6 30.b3 h5 31.Nf5 Qe4 32.Nh4 Qe2+ 0-1

[Event "R1 - Muret / CD Muret"]
[Site "CD Muret"]
[Date "2006.11.25"]
[Round "2"]
[White "Callejon, Bernard"]
[Black "Costamagno, Yves"]
[Result "1-0"]
[WhiteElo "1560"]
[BlackElo "1410"]
[EventDate "2006.??.??"]
[PlyCount "229"]
[WhiteTeam "Gambit Muret"]
[BlackTeam "L.E de Muret"]

1.d4 d6 2.c4 e6 3.e4 Nf6 4.Nc3 g6 5.Nf3 Bg7 6.Be2 O-O 7.O-O Qe8 8.Bf4 Nh5 
9.Be3 e5 10.d5 Nf4 11.Bxf4 exf4 12.Qd2 Bh6 13.Rfe1 Qd8 14.h3 Nd7 15.Bd3 
Ne5 16.Nxe5 dxe5 17.f3 Qg5 18.Kh2 Qg3+ 19.Kg1 Bxh3 20.Qf2 Qxf2+ 21.Kxf2 
Bd7 22.Rh1 Bg5 23.b4 a6 24.c5 Bc8 25.Bc4 Kg7 26.Rad1 h5 27.d6 Be6 28.Bxe6 
fxe6 29.d7 c6 30.Na4 Rad8 31.Nb6 Kf6 32.a4 Kg7 33.Rd6 Kf7 34.Nc4 Bf6 35.
Rhd1 Ke7 36.Rb1 g5 37.Rbd1 g4 38.fxg4 hxg4 39.g3 fxg3+ 40.Kxg3 Rg8 41.Ne3 
Bg5 42.Nc4 Bf4+ 43.Kg2 g3 44.R6d3 Rh8 45.Rh1 Rxh1 46.Kxh1 Rxd7 47.Rxd7+ 
Kxd7 48.Kg2 Ke7 49.Nd6 Kd7 50.Nxb7 Bd2 51.Nd6 Bxb4 52.Kxg3 Bxc5 53.Nc4 Bd4
54.Kg4 Ke7 55.Kf3 Kf6 56.Nd6 Kg5 57.Nc4 Bc3 58.Nd6 c5 59.Nc4 a5 60.Nd6 Kf6
61.Kg4 Ke7 62.Nc4 Kd7 63.Kg5 Ke7 64.Kg6 Kd7 65.Kf7 Bb4 66.Kf6 Bc3 67.Kf7 
Ba1 68.Nxa5 Bc3 69.Nc4 Bd4 70.a5 Kc6 71.Kxe6 Kb5 72.Kd5 Ka6 73.Kc6 Ka7 74.
Kb5 Kb7 75.a6+ Ka7 76.Nd6 Ka8 77.Ne8 Ka7 78.Nc7 c4 79.Kxc4 Kb6 80.Ne6 Ba1 
81.Nc5 Ka7 82.Kb5 Bd4 83.Nd7 Ba1 84.Nf6 Bd4 85.Nd5 Ba1 86.Nc7 Bd4 87.Kc6 
Kb8 88.Nb5 Ka8 89.Kd5 Ba1 90.a7 Kb7 91.Kc4 Ka8 92.Kd5 Kb7 93.Kd6 Ka8 94.
Kc7 Bb2 95.Kb6 Bd4+ 96.Ka6 Bxa7 97.Nxa7 Kb8 98.Nb5 Kc8 99.Kb6 Kd7 100.Kc5 
Ke6 101.Nc3 Kf6 102.Kd5 Kg5 103.Kxe5 Kg4 104.Kd6 Kg5 105.e5 Kf5 106.e6 Kf6
107.Kd7 Ke5 108.e7 Kd4 109.Nb5+ Kc5 110.Nc7 Kb6 111.e8=Q Kb7 112.Qe6 Ka7 
113.Nb5+ Ka8 114.Qa6+ Kb8 115.Qa7# 1-0

[Event "N4 Ramonville-CATE"]
[Site "?"]
[Date "2006.11.26"]
[Round "2"]
[White "Rouveret, Philippe"]
[Black "Sabanowski, Jean Claude"]
[Result "1-0"]
[WhiteElo "1840"]
[BlackElo "1600"]
[EventDate "2006.11.26"]
[PlyCount "83"]

1.d4 Nf6 2.Nc3 e6 3.Bg5 Bb4 4.Qd3 a6 5.e4 d6 6.a3 Bxc3+ 7.Qxc3 Nxe4 8.Bxd8
Nxc3 9.Bxc7 Ne4 10.f3 Nf6 11.Bxd6 Nc6 12.c3 Kd7 13.Bg3 Re8 14.Bd3 g6 15.
Rd1 Nh5 16.Ne2 Nxg3 17.Nxg3 f5 18.h4 h5 19.Ne2 b5 20.Nf4 Ne7 21.Kf2 Bb7 
22.Rhe1 Bd5 23.Bc2 Rg8 24.Rd2 g5 25.Nxh5 Raf8 26.hxg5 Rxg5 27.Nf4 Rfg8 28.
Rh1 Ng6 29.Nxg6 R8xg6 30.Kf1 Rg7 31.Rf2 Bc4+ 32.Kg1 Bd5 33.Rh3 Kd6 34.Bd1 
Kd7 35.Rh8 Kc7 36.Kf1 Bc4+ 37.Be2 Bxe2+ 38.Rxe2 Kd7 39.Ra8 Kd6 40.Rxa6+ 
Kd5 41.b3 e5 42.Rxe5# 1-0

[Event "N4 Ramonville-CATE"]
[Site "?"]
[Date "2006.11.26"]
[Round "2"]
[White "Jarlaud, Levi"]
[Black "Poussy, Daniel"]
[Result "1-0"]
[WhiteElo "1570"]
[BlackElo "1450"]
[EventDate "2006.11.26"]
[PlyCount "53"]

1.d4 d5 2.c4 e5 3.dxe5 Be6 4.Nf3 Nc6 5.e3 dxc4 6.Nc3 Bb4 7.Be2 Nh6 8.O-O 
Bxc3 9.bxc3 O-O 10.h3 Nf5 11.e4 Nh4 12.Nxh4 Qxh4 13.f4 Bxh3 14.gxh3 Qg3+ 
15.Kh1 Qxh3+ 16.Kg1 Qxc3 17.Bd2 Qg3+ 18.Kh1 Qh4+ 19.Kg2 Qe7 20.Bxc4 Kh8 
21.Rh1 h6 22.Bc3 Rad8 23.Qg4 Qc5 24.Rxh6+ Kg8 25.Rh8+ Kxh8 26.Qh5+ Kg8 27.
Rh1 1-0

[Event "N4 Ramonville-CATE"]
[Site "?"]
[Date "2006.11.26"]
[Round "2"]
[White "Canovas, Vincent"]
[Black "Tourenne, Dominique"]
[Result "1-0"]
[WhiteElo "1599"]
[BlackElo "1850"]
[EventDate "2006.11.26"]
[PlyCount "50"]

1.d4 Nf6 2.c4 c5 3.Nf3 cxd4 4.Nxd4 e5 5.Nb5 d5 6.Bg5 Bb4+ 7.Bd2 Bc5 8.b4 
Bxf2+ 9.Kxf2 Qb6+ 10.Ke1 Ne4 11.e3 O-O 12.Bd3 Nxd2 13.c5 Qd8 14.Qxd2 a6 
15.Nd6 Nc6 16.Na3 Qh4+ 17.g3 Qxb4 18.Qxb4 Nxb4 19.Kd2 b6 20.cxb6 Rb8 21.
Rhc1 Nxd3 22.Kxd3 Rxb6 23.Nxc8 Rh6 24.Rc2 f5 25.Ne7+ Kh8 1-0

[Event "N4 - Albi / Colomiers"]
[Site "Albi"]
[Date "2006.11.26"]
[Round "2"]
[White "Sujoyan, Ararat"]
[Black "Blesing, René"]
[Result "0-1"]
[WhiteElo "1890"]
[BlackElo "1800"]
[EventDate "2006.10.19"]
[PlyCount "47"]
[WhiteTeam "Albi"]
[BlackTeam "Colomiers"]

1.e4 Nf6 2.Nc3 d5 3.exd5 Nxd5 4.Nxd5 Qxd5 5.Qf3 Qc5 6.c3 e5 7.Ne2 Nc6 8.
Ng3 Be6 9.b4 Qd5 10.Be2 Be7 11.O-O g6 12.Rd1 f5 13.Qxd5 Bxd5 14.Bb5 a6 15.
Ba4 Bf6 16.Bb3 Rd8 17.Bc2 e4 18.d4 exd3 19.Rxd3 Nxb4 20.cxb4 Bxa1 21.Bb3 
Rd7 22.h4 h6 23.Bf4 Bf6 24.Nf1 0-1

[Event "N4 - Albi / Colomiers"]
[Site "Albi"]
[Date "2006.11.26"]
[Round "2"]
[White "Serres, Olivier"]
[Black "Hantisse, Alain"]
[Result "0-1"]
[WhiteElo "1910"]
[BlackElo "1950"]
[EventDate "2006.10.19"]
[PlyCount "70"]
[WhiteTeam "Albi"]
[BlackTeam "Colomiers"]

1.e4 c6 2.d4 d5 3.exd5 cxd5 4.c4 Nc6 5.Be3 Nf6 6.Nc3 e6 7.c5 b6 8.Qa4 Bd7 
9.Bb5 Qc8 10.cxb6 axb6 11.Qb3 Na5 12.Bxd7+ Nxd7 13.Qc2 Bb4 14.Nf3 Bxc3+ 
15.bxc3 Qa6 16.Qa4 Rc8 17.Ng5 Qd3 18.Nxf7 Qxc3+ 19.Ke2 Qb2+ 20.Bd2 Rc2 21.
Qxc2 Qxc2 22.Nxh8 Nc4 23.Rhd1 Kf8 24.Rac1 Qe4+ 25.Be3 Kg8 26.Kf1 Kxh8 27.
Re1 h6 28.Kg1 Qd3 29.Rcd1 Qc2 30.Bf4 Kg8 31.Rc1 Qf5 32.Bg3 Kf7 33.Rc3 Ke7 
34.a4 Qg4 35.f4 Qf5 0-1

[Event "N4 - Albi / Colomiers"]
[Site "Albi"]
[Date "2006.11.26"]
[Round "2"]
[White "Ouerk, Yanis"]
[Black "Fabre, Philippe"]
[Result "1-0"]
[WhiteElo "1199"]
[BlackElo "1720"]
[EventDate "2006.10.19"]
[PlyCount "63"]
[WhiteTeam "Colomiers"]
[BlackTeam "Albi"]

1.e4 d6 2.d4 Nf6 3.Nc3 g6 4.Nf3 Bg7 5.h3 O-O 6.Bc4 c6 7.Be3 b5 8.Bd3 Nbd7 
9.Qd2 e5 10.Bh6 Qc7 11.Bxg7 Kxg7 12.a3 exd4 13.Nxd4 Re8 14.O-O-O a5 15.
Bxb5 cxb5 16.Ndxb5 Qc5 17.Nxd6 Re6 18.f4 Nb6 19.f5 Re7 20.fxg6 hxg6 21.
Rhf1 Ba6 22.Rf5 Qc7 23.Qf4 Ne8 24.Nxe8+ Raxe8 25.Qxc7 Rxc7 26.Rxa5 Bb7 27.
Nb5 Rc5 28.b4 Rce5 29.Nd6 R8e7 30.Rxe5 Rxe5 31.Nxb7 Rxe4 32.Nc5 1-0

[Event "N4 - Albi / Colomiers"]
[Site "Albi"]
[Date "2006.11.26"]
[Round "2"]
[White "Moiseyev, Vlas"]
[Black "Lefevre, Gérard"]
[Result "1/2-1/2"]
[WhiteElo "1880"]
[BlackElo "1920"]
[EventDate "2006.10.19"]
[PlyCount "84"]
[WhiteTeam "Colomiers"]
[BlackTeam "Albi"]

1.e4 c5 2.Nf3 Nc6 3.d4 cxd4 4.Nxd4 d6 5.Nc3 Bd7 6.Bc4 Nf6 7.O-O g6 8.h3 
Bg7 9.Be3 O-O 10.Qd2 Qc8 11.Nxc6 bxc6 12.f3 Bxh3 13.gxh3 Qxh3 14.Qh2 Qh5 
15.Rad1 Qxh2+ 16.Kxh2 Nd7 17.Bd4 Bxd4 18.Rxd4 Ne5 19.Be2 Kg7 20.b3 f5 21.
f4 Ng4+ 22.Bxg4 fxg4 23.Kg3 h5 24.Rb4 Kh6 25.Ne2 e5 26.Rb7 Rf6 27.Rd7 Raf8
28.a4 exf4+ 29.Rxf4 Kg5 30.Rxf6 h4+ 31.Kg2 h3+ 32.Kg3 Rxf6 33.Ng1 Re6 34.
Rxa7 Rxe4 35.Nxh3+ gxh3 36.Kxh3 Re3+ 37.Kg2 Re2+ 38.Kf1 Rxc2 39.a5 Kf6 40.
Rd7 Ke6 41.Rg7 Kf6 42.Rd7 Ke6 1/2-1/2

[Event "N4 - Albi / Colomiers"]
[Site "Albi"]
[Date "2006.11.26"]
[Round "2"]
[White "Genestous, Patrick"]
[Black "Pierre, Thimotée"]
[Result "1-0"]
[WhiteElo "2190"]
[BlackElo "1937"]
[EventDate "2006.10.19"]
[PlyCount "89"]
[WhiteTeam "Colomiers"]
[BlackTeam "Albi"]

1.d4 f5 2.Bg5 Nf6 3.Nd2 e6 4.e4 Be7 5.exf5 exf5 6.Qf3 d5 7.Bxf6 Bxf6 8.
O-O-O O-O 9.Nb3 Re8 10.Bd3 g6 11.Kb1 c6 12.h4 Kg7 13.h5 b6 14.hxg6 hxg6 
15.c3 Na6 16.Nh3 Bg5 17.Qg3 Bh4 18.Qf4 Nc7 19.g3 Bf6 20.Qd2 Ne6 21.f4 Nc7 
22.Ng1 Be6 23.Nf3 Qe7 24.Ne5 Bxe5 25.fxe5 Rh8 26.Rhg1 Rh3 27.Rdf1 Rah8 28.
g4 fxg4 29.Bxg6 R8h6 30.Bf5 Bxf5+ 31.Rxf5 Rg6 32.Qd1 Qh4 33.Qf1 Ne6 34.
Rf7+ Kh6 35.Rxa7 Rf3 36.Qc1+ Qg5 37.Nd2 Rh3 38.Rf7 Nf4 39.Qf1 Ne6 40.Nb3 
Qe3 41.Rf6 Qe4+ 42.Kc1 Ng5 43.Nd2 Qd3 44.Rxg4 Qe3 45.Rxg5 1-0

[Event "N4 - Albi / Colomiers"]
[Site "Albi"]
[Date "2006.11.26"]
[Round "2"]
[White "Donadille, Romuald"]
[Black "Blesing, Alicia"]
[Result "0-1"]
[WhiteElo "1720"]
[BlackElo "1820"]
[EventDate "2006.10.19"]
[PlyCount "98"]
[WhiteTeam "Albi"]
[BlackTeam "Colomiers"]

1.e4 c5 2.c3 e6 3.Nf3 Nc6 4.d4 cxd4 5.cxd4 d6 6.Nc3 Nf6 7.Bg5 Qa5 8.Bxf6 
gxf6 9.Qb3 Bh6 10.d5 Ne5 11.Nxe5 fxe5 12.Bb5+ Ke7 13.O-O a6 14.Be2 b5 15.
Rad1 b4 16.Nb1 Bd7 17.Qh3 Bg7 18.dxe6 Bxe6 19.Qd3 Rhd8 20.a3 d5 21.axb4 
Qxb4 22.exd5 e4 23.Qc4 Qxc4 24.Bxc4 Bg4 25.f3 exf3 26.gxf3 Bh3 27.Rfe1+ 
Kd6 28.Nc3 Bxc3 29.bxc3 Rg8+ 30.Kf2 Rg2+ 31.Ke3 Rxh2 32.Bd3 Bg2 33.Rd2 
Re8+ 34.Be4 f5 35.Kf4 fxe4 36.Kg3 Rh1 37.Rxh1 Bxh1 38.fxe4 Bxe4 39.c4 Rc8 
40.Ra2 Rxc4 41.Rxa6+ Kxd5 42.Rh6 Bf5 43.Kf3 Ke5 44.Ke3 Rc3+ 45.Kd2 Rg3 46.
Rh5 Ke4 47.Ke1 Bg6 48.Rh4+ Ke3 49.Kd1 Rg1# 0-1

[Event "N4 - Albi / Colomiers"]
[Site "Albi"]
[Date "2006.11.26"]
[Round "2"]
[White "Caron, Jean-Marie"]
[Black "Lajarre, Ludovic"]
[Result "0-1"]
[WhiteElo "1938"]
[BlackElo "2328"]
[EventDate "2006.10.19"]
[PlyCount "40"]
[WhiteTeam "Albi"]
[BlackTeam "Colomiers"]

1.e4 e5 2.Nc3 Nf6 3.f4 d5 4.fxe5 Nxe4 5.Nf3 Bc5 6.d4 Bb4 7.Bd2 Bg4 8.Be2 
c5 9.Nxe4 dxe4 10.Bxb4 exf3 11.Bxf3 Bxf3 12.Qxf3 cxb4 13.Qxb7 Nd7 14.Qxb4 
Qh4+ 15.g3 Qe4+ 16.Kd2 Rb8 17.Qc3 Qg2+ 18.Ke3 Nb6 19.Kd3 Na4 20.Qd2 Nxb2+ 
0-1

[Event "N4 - Albi / Colomiers"]
[Site "Albi"]
[Date "2006.11.26"]
[Round "2"]
[White "Alladage, René"]
[Black "Roques, Michel"]
[Result "1-0"]
[WhiteElo "1840"]
[BlackElo "1820"]
[EventDate "2006.10.19"]
[PlyCount "55"]
[WhiteTeam "Colomiers"]
[BlackTeam "Albi"]

1.Nf3 Nf6 2.d3 d5 3.Nbd2 c5 4.e4 dxe4 5.dxe4 Nc6 6.c3 Qc7 7.h3 e6 8.Bd3 
Be7 9.O-O O-O 10.Re1 a6 11.e5 Nd5 12.Nf1 b5 13.Qe2 c4 14.Bc2 Bc5 15.Ng5 h6
16.Qh5 f5 17.exf6 Rxf6 18.Ne4 Bxf2+ 19.Nxf2 Bb7 20.Ng4 Raf8 21.Nxf6+ Nxf6 
22.Qe2 e5 23.Ng3 Qf7 24.Rf1 Qe7 25.Ne4 Nxe4 26.Rxf8+ Qxf8 27.Qxe4 Ne7 28.
Qxb7 1-0

[Event "Tournefeuille2-Muret"]
[Site "Tournefeuille"]
[Date "2006.11.26"]
[Round "2.8"]
[White "Thirion, Patrick"]
[Black "Taravaud, Eveline"]
[Result "0-1"]
[WhiteElo "1670"]
[BlackElo "1750"]
[EventDate "2006.??.??"]
[PlyCount "123"]

1.e4 c5 2.d4 cxd4 3.c3 dxc3 4.Nxc3 Nc6 5.Nf3 Nf6 6.h3 e6 7.Bc4 Qc7 8.Qe2 
d6 9.O-O a6 10.Rd1 Be7 11.Bf4 b5 12.Bb3 Na5 13.e5 dxe5 14.Bxe5 Qb6 15.Rac1
Nxb3 16.axb3 O-O 17.Bd4 Qb7 18.Be3 Bd7 19.Ne5 Rac8 20.Bg5 Be8 21.Rc2 b4 
22.Na4 Bb5 23.Nc4 Nd5 24.Bxe7 Nxe7 25.Qd2 Rxc4 26.Rxc4 Bxc4 27.bxc4 Nc6 
28.Qd6 h6 29.Nc5 Qa8 30.Qg3 Rd8 31.Rxd8+ Qxd8 32.Nd3 Nd4 33.Qe3 a5 34.Kf1 
b3 35.Kg1 Qh4 36.c5 a4 37.Ne5 a3 38.bxa3 b2 39.Qd3 Ne2+ 40.Kf1 Qd4 41.Kxe2
Qxe5+ 42.Kd2 Qxc5 43.Qb1 Qxa3 44.Kc2 Qc5+ 45.Kxb2 Qxf2+ 46.Ka1 Qa7+ 47.Kb2
Qb6+ 48.Kc2 Qxb1+ 49.Kxb1 f5 50.Kc2 e5 51.Kd3 Kf7 52.Ke3 h5 53.h4 Ke6 54.
Kd3 Kd5 55.g3 e4+ 56.Ke3 Ke5 57.Ke2 Kd4 58.Kd2 e3+ 59.Ke2 Ke4 60.Ke1 Kf3 
61.Kf1 Kxg3 62.Ke2 0-1

[Event "Tournefeuille2-Muret"]
[Site "Tournefeuille"]
[Date "2006.11.26"]
[Round "2.7"]
[White "Guesdon, Joel"]
[Black "Boukhris, Khaled"]
[Result "0-1"]
[WhiteElo "1710"]
[BlackElo "1780"]
[EventDate "2006.??.??"]
[PlyCount "116"]

1.c4 Nf6 2.Nc3 e6 3.Nf3 Be7 4.e3 c5 5.Be2 Nc6 6.O-O O-O 7.d3 b6 8.Rb1 Bb7 
9.Nd2 d5 10.cxd5 exd5 11.Qc2 d4 12.Nce4 Nd5 13.Nf3 Ndb4 14.Qa4 b5 15.Qxb5 
Ba6 16.Qa4 Qb6 17.Qd1 Nxa2 18.exd4 Nab4 19.dxc5 Bxc5 20.Nxc5 Qxc5 21.Be3 
Qd5 22.d4 Bb7 23.Ne1 Rad8 24.Bf3 Qb5 25.Bxc6 Nxc6 26.Qg4 Bc8 27.Qh4 Rd5 
28.Nf3 Rh5 29.Qg3 Ne7 30.Rfc1 Nf5 31.Qe5 Nh4 32.Qxb5 Nxf3+ 33.gxf3 Rxb5 
34.b4 Bb7 35.Kg2 f5 36.Kg3 Rb6 37.Rg1 f4+ 38.Bxf4 Rg6+ 39.Kh3 Rxg1 40.Rxg1
Rxf4 41.Rd1 Rxf3+ 42.Kg4 Rxf2 43.d5 Kf7 44.d6 Bf3+ 45.Kg3 Bxd1 46.Kxf2 Ke6
47.Ke3 Kxd6 48.Kd4 g5 49.Ke4 Bc2+ 50.Kf3 h5 51.Ke3 Ke5 52.Kd2 Ba4 53.Ke3 
Bc6 54.Kf2 Kf4 55.Ke2 Kg4 56.Kf2 Kh3 57.Kg1 a6 58.Kf2 Kxh2 0-1

[Event "Tournefeuille2-Muret"]
[Site "Tournefeuille"]
[Date "2006.11.26"]
[Round "2.6"]
[White "Grimmer, Jonathan"]
[Black "Marni-Sandid, Tarik"]
[Result "1/2-1/2"]
[WhiteElo "1790"]
[BlackElo "1770"]
[EventDate "2006.??.??"]
[PlyCount "91"]

1.e4 a6 2.d4 c5 3.Nf3 cxd4 4.Nxd4 Nc6 5.Nc3 e6 6.g3 Bb4 7.a3 Qa5 8.Ne2 Be7
9.Bg2 b5 10.Bf4 Bb7 11.O-O Nf6 12.Bd6 h5 13.e5 Ng4 14.Ne4 O-O 15.Bxe7 Nxe7
16.Nf6+ Nxf6 17.Bxb7 Nfd5 18.Bxa8 Rxa8 19.Nf4 Nxf4 20.gxf4 Qa4 21.b4 a5 
22.c3 axb4 23.axb4 Qxa1 24.Qxa1 Rxa1 25.Rxa1 Nd5 26.Rd1 Nxf4 27.Rxd7 Ne2+ 
28.Kf1 Nxc3 29.Rd4 Kh7 30.Ke1 Kg6 31.Kd2 Nd5 32.Kd3 Kf5 33.Rxd5 exd5 34.
Kd4 Ke6 35.f4 Kf5 36.Kxd5 Kxf4 37.Kc5 Kxe5 38.Kxb5 f5 39.Kc5 f4 40.b5 f3 
41.b6 f2 42.b7 f1=Q 43.b8=Q+ Ke4 44.Qe8+ Kf3 45.Qxh5+ Kg2 46.Qg4+ 1/2-1/2